Šahy

Zobrazenie: V hnedobielom orámovaní pohľady na hotel a interiér zariadenia Jednoty SD

Bibliographic Details
Other Authors: Zemiar, Bohuslav, 1952- (Photographer)
Format: Photo
Language:Slovak
Published: Bratislava ČSTK-Pressfoto 1987
Subjects:

MARC

LEADER 00000ckm a2200000 a 4500
001 vtls001233279
003 SK-MaSNL
005 20260331203502.0
007 kf co
008 230718s1987 xo g 0kuslo
015 |a SNBG1987 
035 |a SNK000180287 
035 |a urn:nbn:sk:snk-km3lw05 
035 |a 0FA31F9B-26C9-4D4A-8513-A89BA06FC122 
035 |a urn:nbn:sk:snk-km00droi 
040 |a SNK  |b slo  |c SNK  |e AACR2 
041 0 |a slo 
043 |a e-xo--- 
044 |a xo  |c SK 
072 7 |a 913  |x Regionálna geografia  |2 konspekt 
080 |a 908.437.618(084.121)  |2 1981 
080 |a 913(437.6)  |2 2011 
080 |a (084.121)  |2 2011 
080 |a 640.43  |2 2011 
080 |a 640.412  |2 2011 
100 1 |a Zemiar, Bohuslav,  |d 1952-  |4 pht  |9 47876 
245 1 0 |a Šahy  |h grafika  |c foto: B. Zemiar ; výtvarný návrh: M. Menclová 
246 1 |i Názov na adresnej časti:  |a Hotel Blankyt 
246 1 |i Názov na adresnej časti:  |a zariadenie Jednoty SD Levice 
260 |a Bratislava  |b ČSTK-Pressfoto  |c 1987  |e Skalica  |f Grafobal 
300 |a 1 pohľadnica (3 čiastkové pohľady)  |b farebná  |c 15 x 11 cm 
500 |a Hlavný názov prevzatý z obrazovej časti pohľadnice 
520 8 |a Zobrazenie: V hnedobielom orámovaní pohľady na hotel a interiér zariadenia Jednoty SD 
610 2 7 |a Hotel Blankyt (Šahy, Slovensko)  |2 SNKKA  |9 296054 
650 0 7 |a hotely  |2 SNKPH  |9 18422 
650 0 7 |a reštaurácie  |2 SNKPH  |9 23080 
651 7 |a Šahy (Slovensko)  |2 SNKPHgeo  |9 58701 
655 7 |a miestne pohľadnice  |2 SNKPH  |9 70510 
700 1 |a Menclová, Milica  |c (grafička)  |4 art  |9 283289 
852 |a Slovenská národná knižnica 
954 |a pohľadnice pôvodné (slovenské)  |2 lita 
958 |a GBN 
958 |a TL 
958 |a GC 
958 |a OND 
958 |a EUIPO 
999 |c 653421  |d 655351 
952 |a SNK  |b SNK  |y PREZ  |7 0  |p 17A1297406  |o snkSP 138229  |i snk1655/87  |0 0  |1 0  |4 0  |d 2018-12-17  |f 1  |l 0  |r 2026-02-23 18:28:31  |w 2026-02-23 
952 |a SNK  |b SNK  |y PREZ  |7 0  |p 17A1297388  |o snkSP 138229 D1  |i snk1656/87  |0 0  |1 0  |4 0  |d 2018-12-17  |l 0  |r 2026-02-23 18:28:31  |w 2026-02-23